000 00418nam a2200181Ia 4500
005 20240823055816.0
008 240823s9999||||xx |||||||||||||| ||und||
041 _aTAMIL
082 _A894.811 Q1
100 _aNalli Kuppuswami Chettiar
245 0 _aMudivugak Mudivanavai Alla
250 _a2nd
260 _c2011
_bNannool
500 _aYES
650 _aTamil Book
_bGeneral
942 _cBK
999 _c229655
_d229655